N.Y. Times #1 Fiction Authors Quiz Stats

 Plays Quiz Updated Sep 2, 2019

Score 0/35 Timer 07:00
3 Plays Today
Num. Books Author % Correct
6J.K. Rowling
73.1%
71James Patterson
62.8%
31John Grisham
55.9%
43Stephen King
52.7%
5Sandra Brown
40%
16Tom Clancy
38.2%
36Danielle Steel
34.4%
5Michael Crichton
27.9%
14Dean R. Koontz
21.1%
15Nora Roberts
19%
12Nicholas Sparks
17.5%
5Anne Rice
14.5%
11Sue Grafton
13.9%
8Robert Ludlum
13.9%
22Mary Higgins Clark
13.5%
12Lee Child
12.1%
24Janet Evanovich
11.4%
10Clive Cussler
11.2%
Num. Books Author % Correct
16Patricia Cornwell
10.7%
11J.D. Robb
10.4%
8Jodi Picoult
9.9%
8Ken Follett
9.6%
5Charlaine Harris
8.5%
20David Baldacci
7.7%
8John le Carré
7.1%
10Harlan Coben
6.7%
5Vince Flynn
5.8%
7Robert Jordan
5.4%
9James Michener
5.2%
8Sidney Sheldon
4.9%
11Daniel Silva
4.4%
13John Sandford
4.2%
8Michael Connelly
2.8%
6Daphne du Maurier
2.3%
7Tim LaHaye and Jerry B. Jenkins
2.3%

You're not logged in!

Compare scores with friends on all Sporcle quizzes.
OR
Log In

Sporcle TV

Today on Sporcle TV


Watch our educational content, quiz creation guides, and fun videos on Sporcle TV.

Show Comments

Extras

Top Quizzes Today


Score Distribution

Your Account Isn't Verified!

In order to create a playlist on Sporcle, you need to verify the email address you used during registration. Go to your Sporcle Settings to finish the process.

Report this User

Report this user for behavior that violates our Community Guidelines.

Details: